| 000 | 01056nam a22002417a 4500 | ||
|---|---|---|---|
| 005 | 20140429165133.0 | ||
| 008 | 140429b ck ||||| |||| 00| 0 spa d | ||
| 020 | _a9789587221091 | ||
| 041 | _aspa | ||
| 044 | _ack | ||
| 082 | 0 | 4 |
_a333.91 _bM74 |
| 245 | 0 | 0 |
_aMonitoreo regional para la gestión integral del recurso hídrico : _bimplementación de la guía "Paso a paso" en el área de jurisdicción de CORPOCALDAS |
| 260 |
_aPereira _bCorpocaldas _bUniversidad Tecnológica de Pereira _c[?] |
||
| 300 |
_a120 p. _btablas _c24 cm. |
||
| 505 | _aMonitoreo de los recursos hídricos y su relación con la gestión integrada pag 12 | ||
| 505 | _aImplementación del paso a paso en el área de jurisdicción de Corpocaldas pag 23 | ||
| 505 | _aArticulación al sistema de información del recurso hídrico pag 94 | ||
| 650 | 4 |
_aCalidad del agua de ríos _xMonitoreo _923857 |
|
| 650 | 4 |
_aRecursos hídricos _xMonitoreo _923858 |
|
| 650 |
_aContaminación del agua _xMediciones _923859 |
||
| 650 |
_aRecursos hídricos _vguías _923860 |
||
| 942 |
_2ddc _cImpreso |
||
| 999 |
_c8412 _d8412 |
||